Κατάλογος Βιβλιοθηκών Mediterranean College

Εισαγωγή στη Γνωσιακή Συμπεριφοριστική Θεραπεία / Τεχνικές και Εφαρμογές (Record no. 9733)

MARC details
000 -LEADER
fixed length control field 02170cam a22002294a 4500
005 - ΗΜΕΡΟΜΗΝΙΑ ΚΑΙ ΩΡΑ ΤΕΛΕΥΤΑΙΑΣ ΕΝΗΜΕΡΩΣΗΣ
Πεδίο ελέγχου 20250605164408.0
008 - FIXED-LENGTH DATA ELEMENTS--GENERAL INFORMATION
Πεδίο ελέγχου σταθερού μήκους 250528s ||||||||||||||||||||||||d
035 ## - SYSTEM CONTROL NUMBER
System control number 24898
020 ## - ISBN
ISBN 9789605460686
040 ## - ΠΗΓΗ ΚΑΤΑΛΟΓΟΓΡΑΦΗΣΗΣ
Φορέας πρωτότυπης καταλογογράφησης MC Athens Campus Library
Γλώσσα καταλογογράφησης Ελληνικά, Μοντέρνα (1453-)
Modifying agency MC Athens Campus Library
Κανόνες περιγραφικής καταλογογράφησης AACR2
245 1# - ΤΙΤΛΟΣ ΚΑΙ ΔΗΛΩΣΗ ΥΠΕΥΘΥΝΟΤΗΤΑΣ
Τίτλος Εισαγωγή στη Γνωσιακή Συμπεριφοριστική Θεραπεία / Τεχνικές και Εφαρμογές
260 ## - PUBLICATION, DISTRIBUTION, ETC.
Name of publisher, distributor, etc. Πεδίο,
Date of publication, distribution, etc. 2012
300 ## - PHYSICAL DESCRIPTION
Extent 464
520 ## - SUMMARY, ETC.
Summary, etc. Το βιβλίο αυτό αποτελεί μια ολοκληρωμένη εισαγωγή στη γνωσιακή συμπεριφοριστική θεραπεία (ΓΣΘ), μια από τις πλέον δημοφιλείς ψυχοθεραπευτικές προσεγγίσεις. Πρόλογος, Βασική Θεωρία και Ανάπτυξη και Σύγχρονη Κατάσταση της ΓΣΘ, Χαρακτηριστικά Γνωρίσματα της ΓΘΣ, Η Θεραπευτική Σχέση, Αξιολόγηση και Διαμνόρφωση Περίπτωσης, Μετρήσεις στη ΓΘΣ, Βοηθώντας τους Πελάτες να Γίνουν Θεραπευτές του Εαυτο΄υ τους, Η Σωκρατική Μέθοδος, Γνωσιακές Τεχνικές, Συμπεριφορικά Πειράματα, Σωματικές Τεχνικές, Η Πορεία της Θεραπείας, Κατάθλιψη, Αγχώδεις Διαταραχές, Αγχώδεις Διαταραχές: Συγκεκριμένα Μοντέλα και Θεραπευτικά Πρωτόκολλα, Ευρύτερες Περιοχές της ΓΘΣ, Εναλλακτικές Μέθοδοι Εφαρμογής, Εξελίξεις στη ΓΘΣ, Αξιολόγησ της Πρακτικής της ΓΘΣ, Η Χρήση της Εποπτείας στη ΓΘΣ, Παράρτημα, Βιβλιογραφία.
700 1# - ΠΡΟΣΘΕΤΗ ΑΝΑΓΡΑΦΗ--ΦΥΣΙΚΟ ΠΡΟΣΩΠΟ
Personal name Kennerly Helen
9 (RLIN) 8223
700 1# - ΠΡΟΣΘΕΤΗ ΑΝΑΓΡΑΦΗ--ΦΥΣΙΚΟ ΠΡΟΣΩΠΟ
Personal name Westbrook David
9 (RLIN) 7275
700 1# - ΠΡΟΣΘΕΤΗ ΑΝΑΓΡΑΦΗ--ΦΥΣΙΚΟ ΠΡΟΣΩΠΟ
Personal name Ευθυμίου Κωνσταντίνος
9 (RLIN) 9648
700 1# - ΠΡΟΣΘΕΤΗ ΑΝΑΓΡΑΦΗ--ΦΥΣΙΚΟ ΠΡΟΣΩΠΟ
Personal name Καλαντζή-Αζίζι Αναστασία
9 (RLIN) 164
942 ## - ADDED ENTRY ELEMENTS (KOHA)
Koha item type Books
Holdings
Τύπος τεκμηρίου Βιβλιοθήκη Τρέχουσα τοποθεσία Barcode Αριθμός εισαγωγής Ημερομηνία απόκτησης Ταξιθετικό σύμβολο Αριθμός αντιτύπου Κατάσταση απόσυρσης Κατάσταση χαμένου Κατάσταση κατεστραμμένου Μη δανεισμός Σύνολο δανεισμών Ημερομηνία τελευταίας εμφάνισης Η τιμή ισχύει από
Books MC Athens Campus Library MC Athens Campus Library 9780000097323 7842 05/06/2025 616.89142 WES 1           05/06/2025 05/06/2025

MC Athens Campus Library
Πατησίων 94 & Κοδριγκτώνος 13, 104 34
Πελλήνης 8 & Πατησίων 107, 112 51
Τ: +30 210 8899600

MC Thessaloniki Campus Library
Ίωνος Δραγούμη 21, 54625 | Ίωνος Δραγούμη 15, 54625
Τ: +30 2310 287779 – Τ: +30 2314 440300